| 000 | 02155nam a2200589 i 4500 | ||
|---|---|---|---|
| 001 | 30794 | ||
| 003 | KOSZ 005 | ||
| 005 | 20240405063052.0 | ||
| 008 | 970510s1994 pl a |000 0 pol | ||
| 015 | _aUWD 1995/5630 | ||
| 020 | _a8301116307 | ||
| 035 | _a991000050469705066 | ||
| 035 | _a(PL-WaBN)b10049800-48omnis_nlop | ||
| 035 | _ab10049800 | ||
| 035 | _a(OCoLC)830050542 | ||
| 035 | _azz2004851735 | ||
| 035 | _a(PL)b0000001004980 | ||
| 035 | _a(EXLNZ-48OMNIS_NETWORK)9910107757805606 | ||
| 040 |
_aWA N _cWA N _dKOSZ 005/HR |
||
| 041 | 0 | _aeng | |
| 046 | _k1994 | ||
| 080 | _a711.1(438) | ||
| 080 | _a711.2(4-191.2-11) | ||
| 080 | _a338.22"1989/..." | ||
| 245 | 0 | 0 |
_aChanges in the regional economy in the period of system transformation / _ced. Ryszard Domański, Eamonn Judge ; [transl. from Pol. Maria Kawińska, E. Judge, Tomasz Żylicz] ; Polish Academy of Sciences. Committee for Space Economy and Regional Planning. |
| 260 |
_aWarszawa : _bWydawnictwo Naukowe PWN, _c1994. |
||
| 300 |
_a244, [2] s. : _bmapy, wykr. ; _c24 cm. |
||
| 336 |
_aTekst _btxt _2rdacontent |
||
| 337 |
_aBez urządzenia pośredniczącego _bn _2rdamedia |
||
| 338 |
_aWolumin _bnc _2rdacarrier |
||
| 380 | _aKsiążki | ||
| 388 | _a1901-2000 | ||
| 388 | _a1989-2000 | ||
| 490 | 1 |
_aStudia Regionalia _x0860-3375 _vvol. 4 |
|
| 504 | _aBibliogr. przy rozdz. | ||
| 648 | _a1901-2000 | ||
| 648 | _a1989-2000 | ||
| 650 | 7 |
_aPlanowanie przestrzenne _2DBN |
|
| 650 | 7 |
_aPolityka regionalna _2DBN |
|
| 651 | 7 | _aPolska | |
| 651 | 7 | _aEuropa Środkowo-Wschodnia | |
| 658 | _aGospodarka, ekonomia, finanse | ||
| 700 | 1 |
_aDomański, Ryszard _d(1928-2021) _eRedakcja |
|
| 700 | 1 |
_aJudge, Eamonn _eRedakcja |
|
| 700 | 1 |
_aKawińska, Maria _eTłumaczenie |
|
| 700 | 1 |
_aŻylicz, Tomasz _d(1951- ) _eTłumaczenie |
|
| 710 | 2 |
_aWydawnictwo Naukowe PWN _4pbl |
|
| 830 | 0 |
_aStudia Regionalia _vvol. 4 |
|
| 856 |
_uhttp://koha.tu.koszalin.pl/cgi-bin/koha/opac-detail.pl?biblionumber=30794 _yKatalog online BPK |
||
| 942 |
_2UKD _cKS |
||
| 999 |
_c30794 _d30794 |
||